000 00994nam a2200241Ii 4500
003 JO-AjNU
005 20240629085545.0
008 230605s9999||||xx |||||||||||||| ||und||
040 _aJO-AjNU
_bara
_erda
_cJO-AjNU
041 _aara
050 1 4 _aK1241 2022
100 1 _aافريحات، محمد علي عبد القادر
_eمعد
_965731
245 0 0 _aالنظام القانوني للوسيط في عقد التأمين :دراسة مقارنة=The legal system of the intermediary in the insurance contract:A comparative study /
260 _c2022
300 _a109 ورقة
336 _atext
_btxt
_2rdacontent
337 _aunmediated
_bn
_2rdamedia
338 _avolume
_bnc
_2rdacarrier
500 _aرسالة جامعية(اطروحة ماجستير) تخصص القانون /كليةالحقوق جامعة عجلون الوطنية، 2022
650 4 _aعقد التأمين
_963556
700 1 _aالقضاة، منتصر احمد
_965269
_eمشرف
942 _2lcc
_cTHS
999 _c32404
_d32404